Trickle irrigation : design manual /
Saved in:
| Main Author: | |
|---|---|
| Corporate Author: | |
| Format: | Book |
| Language: | English |
| Published: |
Lincoln, N.Z. :
N.Z. Agricultural Engineering Institute,
1974.
|
| Series: | Miscellaneous publication ;
Pts. 6-7 Miscellaneous publication ; Pts. 6-7 |
| Subjects: |
| LEADER | 01281cam a22003011a 4500 | ||
|---|---|---|---|
| 001 | c000230727 | ||
| 003 | CARM | ||
| 005 | 20070313121615.0 | ||
| 008 | 851113s1974 nz a 000 0 eng d | ||
| 019 | 1 | |a 23842262 |z 4128361 |z 50580335 |z 54228690 |z 57996716 |5 LACONCORD2021 | |
| 035 | |a (OCoLC)3349502 |5 LACONCORD2021 | ||
| 040 | |a NZOC |b eng |c NZOC |d ABN-SNR | ||
| 082 | 0 | 4 | |a 631.7 |
| 100 | 1 | |a Jobling, G. A., |d 1943-1982. | |
| 245 | 1 | 0 | |a Trickle irrigation : |b design manual / |c G.A. Jobling. |
| 260 | |a Lincoln, N.Z. : |b N.Z. Agricultural Engineering Institute, |c 1974. | ||
| 300 | |a 2 v. : |b ill., 1 folded chart ; |c 29 cm. | ||
| 490 | 1 | |a Miscellaneous publication ; |v Pts. 6-7 | |
| 490 | 1 | |a Miscellaneous publication ; |v Pts. 6-7 | |
| 650 | 0 | |a Irrigation. | |
| 650 | 0 | |a Irrigation. | |
| 650 | 0 | |a Microirrigation. | |
| 710 | 2 | |a New Zealand Agricultural Engineering Institute. | |
| 852 | 8 | |b CARM |h A1:AP02C0 |i F01525 |p 0318990 |f BK | |
| 852 | 8 | |b CARM |h A1:AP02C0 |i F01525 |p 0318991 |f BK | |
| 999 | f | f | |i c408317b-3a63-5557-b701-35b6c332d323 |s da47a8fa-e92b-5793-bb26-35f3c626e1df |
| 952 | f | f | |p Can circulate |a CAVAL |b CAVAL |c CAVAL |d CARM 1 Store |e F01525 |f A1:AP02C0 |h Other scheme |i book |j pt.1 |m 0318990 |
| 952 | f | f | |p Can circulate |a CAVAL |b CAVAL |c CAVAL |d CARM 1 Store |e F01525 |f A1:AP02C0 |h Other scheme |i book |j pt.2 |m 0318991 |